| 000 | 00309nam a2200097Ia 4500 | ||
|---|---|---|---|
| 008 | 220204s9999 xx 000 0 und d | ||
| 082 |
_aNR:631.551980 _bRRM |
||
| 245 | 0 | _aRRIM training manual on tapping, tapping systems and yield stimulation of Hevea June 1980 | |
| 260 |
_aKuala Lumpur _bRRIM _c1980 |
||
| 942 | _cBK | ||
| 999 |
_c35313 _d35313 |
||